| 000 | 01303cam a22002054a 4500 | ||
|---|---|---|---|
| 005 | 20250605163959.0 | ||
| 008 | 250528s ||||||||||||||||||||||||d | ||
| 035 | _a15558 | ||
| 020 | _a201694972 | ||
| 040 |
_aGR-AtMCL _bgre _dGR-AtMCL _eAACR2 |
||
| 245 | 1 | _aDesigning the User Interface / Strategies for Effective Human-Computer Interaction | |
| 250 | _a3rd | ||
| 260 |
_bAddison-Wesley Publishing Company, _c1998 |
||
| 300 | _a644 | ||
| 520 | _aA complete, current, and authoritative introduction to user-interface design. Human Factors of Interactive Software, Theories and Principles and Guidelines, Managing Design Processes, Expert Reviews and Usability Testing and Surveys and Continuing Assessments, Software Tools, Direct Manipulation and Virtual Environments, Menu Selection and Form Filling and Dialog Boxes, Command and Natural Languages, Interaction Services, Response Time and Display Rate, Presentation Styles: Balancing Function and Fashion, Printed Manuals and Online Help and Tutorials, Multiple-Window Strategies, Computer-Supported Cooperative Work, Information Search and Visualization, Hypermedia and the World Wide Web, Societal and Individual Impact of User Interfaces, Index. | ||
| 700 | 1 |
_aShneiderman Ben _91510 |
|
| 942 | _cBK | ||
| 999 |
_c1129 _d1129 |
||